Kiến trúc nhà ở và đình chùa dân gian của các dân tộc ở Quảng Bình

Nội dung sách gồm năm chương. Chương 1: Vài nét về lịch sử và điều kiện tự nhiên của Quảng Bình. Chương 2: Phong thủy trong xây dựng. Chương 3: Tên gọi các cấu kiện và các kiểu nhà ở Quảng Bình. Chương 4: Xây dựng đình chùa. Chương 5: Vậ...

Fuld beskrivelse

Đã lưu trong:
Bibliografiske detaljer
Hovedforfatter: Đỗ, Duy Văn
Format: Bog
Sprog:Undetermined
Udgivet: Hà Nội Khoa học - Xã hội 2015
Fag:
Tags: Tilføj Tag
Ingen Tags, Vær først til at tagge denne postø!
Thư viện lưu trữ: Trung tâm Học liệu Trường Đại học Cần Thơ
LEADER 01104nam a2200205Ia 4500
001 CTU_209589
008 210402s9999 xx 000 0 und d
082 |a 392.309597 
082 |b V115 
100 |a Đỗ, Duy Văn 
245 0 |a Kiến trúc nhà ở và đình chùa dân gian của các dân tộc ở Quảng Bình 
245 0 |c Đỗ Duy Văn 
260 |a Hà Nội 
260 |b Khoa học - Xã hội 
260 |c 2015 
520 |a Nội dung sách gồm năm chương. Chương 1: Vài nét về lịch sử và điều kiện tự nhiên của Quảng Bình. Chương 2: Phong thủy trong xây dựng. Chương 3: Tên gọi các cấu kiện và các kiểu nhà ở Quảng Bình. Chương 4: Xây dựng đình chùa. Chương 5: Vật liệu xây dựng và làng nghề xây dựng. 
650 |a Phong tục tập quán,Manners and customs 
650 |z Việt Nam,Vietnam 
904 |i Châu Thiên Phúc,Hải 
980 |a Trung tâm Học liệu Trường Đại học Cần Thơ